Viaggi per Europa (Record no. 8485)

MARC details
000 -CABECERA
campo de control de longitud fija 00836nam a2200217 a 4500
001 - NÚMERO DE CONTROL
campo de control BRCA_8834
005 - FECHA Y HORA DE LA ÚLTIMA TRANSACCIÓN
campo de control 20190320210430.0
008 - DATOS DE LONGITUD FIJA--INFORMACIÓN GENERAL
campo de control de longitud fija 050517s1722----it-a######---#000-0#ita-#
041 ## - CÓDIGO DE LENGUA
Código de lengua del texto/banda sonora o título independiente ita
044 ## - CÓDIGO DEL PAÍS DE LA ENTIDAD EDITORA/PRODUCTORA
Código MARC del país it
084 ## - OTRO NÚMERO DE CLASIFICACIÓN
Número de clasificación BE215
Número de documento/Ítem .G46 1722
100 1# - ENTRADA PRINCIPAL--NOMBRE DE PERSONA
Nombre de persona Gemelli Careri, Giovanni Francesco
Fechas asociadas al nombre 1648 - 1724
9 (RLIN) 22014
245 10 - MENCIÓN DE TÍTULO
Título Viaggi per Europa
Mención de responsabilidad, etc. del dottor D. Gio: Francesco Gemelli Careri; Divisati in varie lettere familiari, scritte al signor Consigl. Amato Danio; parte prima.
260 ## - PUBLICACIÓN, DISTRIBUCIÓN, ETC.
Lugar de publicación, distribución, etc. Napoli
Nombre del editor, distribuidor, etc. Nella Stampera di Felice Mosca
Fecha de publicación, distribución, etc. 1722
300 ## - DESCRIPCIÓN FÍSICA
Extensión [4], [2], 480 p. (t.1)
Otras características físicas il
Dimensiones 17 x 11.5 cm.
500 ## - NOTA GENERAL
Nota general Con licenza de superiori
500 ## - NOTA GENERAL
Nota general Estado físico: presenta encuadernación en pergamino con presencia del pez de plata
650 14 - PUNTO DE ACCESO ADICIONAL DE MATERIA--TÉRMINO DE MATERIA
Término de materia o nombre geográfico como elemento de entrada Viaje
Subdivisión cronológica Obras anteriores a 1800
Subdivisión geográfica Europa
9 (RLIN) 22015
902 ## - CATALOGADOR
Iniciales CFM
942 ## - ELEMENTOS DE PUNTO DE ACCESO ADICIONAL (KOHA)
Fuente del sistema de clasificación o colocación Library of Congress Classification
Tipo de ítem Koha Libros
Holdings
Estado de retiro Estado de pérdida Estado dañado No para préstamo Localización permanente Ubicación/localización actual Fecha de adquisición Total de préstamos Signatura topográfica completa Código de barras Fecha visto por última vez Precio válido a partir de Tipo de ítem Koha
El ejemplar forma parte de la colección y puede ser consultado según las políticas vigentes.       Biblioteca del Museo Franz Mayer (Rogerio Casas-Alatriste) Biblioteca del Museo Franz Mayer (Rogerio Casas-Alatriste) 05/05/2017   BE215 .G46 1722 CFM00161 22/03/2019 22/03/2019 Libros